| 000 | 00552nam a2200193Ia 4500 | ||
|---|---|---|---|
| 003 | IN-BaIIA | ||
| 008 | 211028s9999 xx 000 0 eng d | ||
| 040 | _cIIA Library | ||
| 080 |
_a535 _bPAP |
||
| 100 |
_aPapoulis, Athanasios _95856 |
||
| 245 | 0 |
_aSystems and Transforms with Applications in Optics _cAthanasios Papoulis |
|
| 260 |
_aNew York _bMcGraw-Hill _c1968 |
||
| 300 | _ax, 474p. | ||
| 490 | _aMcGraw-Hill series in systems science | ||
| 650 |
_aElectrical Engineering _91774 |
||
| 650 | _aNASA Thesaurus | ||
| 650 | _aOptics | ||
| 942 | _cBK | ||
| 999 |
_c3292 _d3292 |
||